• 首页
  • 本馆介绍
  • 公告通知
  • 最新文献
  • 馆藏检索
  • 电子资源
  • 读者导购
  • 参考咨询
  • 我的图书馆
  • 登录
  • 详细信息显示
  • 放入我的书架
  • 预约/预借图书
  • 作者相关作品
  • 分类相关作品
  • 丛书相关作品
  • 出版社相关作品

书目信息

  • 表格格式
  • 工作单格式
  • 卡片格式
题名:
畜产品质量安全及其检测技术
    
 
作者: 张晓东 主编
分册:  
出版信息: 北京   化学工业出版社  2006
页数:
开本: 26cm
丛书名:
单 册:
中图分类: TS251.7
科图分类:
主题词: 食品工业
电子资源:
ISBN: 7-5025-8407-2
000 00558nam0 2200181 450
001 0754114953
005 20070929150154.95
010    @a7-5025-8407-2
100    @a20070929d km y0chiy0120 ea
101 0  @achi
200 1  @a畜产品质量安全及其检测技术@Achu chan pin zhi liang an quan ji qi jian ce ji shu@f张晓东 主编@Fzhang xiao dong zhu bian
210    @a北京@c化学工业出版社@d2006
215    @c插图@d26cm
606 0  @a食品工业
690    @aTS251.7@v3
701  0 @a张晓东@Azhang xiao dong@4主编
801  0 @aCN@bPFT@c20070929
905    @a213230@dTS251.7@eh9@f1
    
    畜产品质量安全及其检测技术/张晓东 主编.-北京:化学工业出版社,2006
    插图;26cm
    
    
    ISBN 7-5025-8407-2:
    
●
相关链接 在E读中查询图书 在五车中查询图书 在当当中查询图书 在豆瓣中查询图书


正题名:畜产品质量安全及其检测技术     索取号:TS251.7/h9         预约/预借

序号 登录号 条形码 馆藏地/架位号 状态 备注
1 6002055   260020550   密集书库-化学系/ [索取号:TS251.7/h9] 在馆    
唐山师范学院图书馆 欢迎您!
大连网信软件有限公司© 版权所有